Classifica Marcatori Premier League 2022-2023 - Statistics

Statistiche generali
  • Questo quiz è stato fatto 69 volte
  • Il punteggio medio è 15 su 19
Statistiche sulle risposte
Gol Nazione Squadra Calciatore % Corretto
36 Norvegia Manchester City Erling Haaland
100%
30 Inghilterra Tottenham Harry Kane
100%
19 Egitto Liverpool Mohamed Salah
100%
15 Norvegia Arsenal Martin Ødegaard
91%
14 Inghilterra Arsenal Bukayo Saka
89%
11 Inghilterra Arsenal Bukayo Saka
89%
11 Brasile Arsenal Gabriel Jesus
88%
17 Inghilterra Manchester Utd Marcus Rashford
85%
15 Brasile Arsenal Gabriel Martinelli
83%
11 Inghilterra Manchester City Phil Foden
83%
14 Serbia Fulham Aleksandar Mitrović
78%
15 Inghilterra Aston Villa Ollie Watkins
77%
11 Inghilterra Aston Villa Ollie Watkins
77%
11 Brasile Liverpool Roberto Firmino
77%
20 Inghilterra Brentford Ivan Toney
69%
11 Paraguay Newcastle Utd Miguel Almirón
60%
13 Spagna Leeds United Rodrigo
51%
18 Inghilterra Newcastle Utd Callum Wilson
46%
13 Inghilterra Leicester City Harvey Barnes
26%
Nessun quiz corrispondente trovato
Distribuzione punteggi
Percentuale di utenti per punteggio
Percentile per numero di risposta
I tuoi punteggi nel tempo
Non hai fatto questo quiz